| 000 | 00635nam a22001577a 4500 | ||
|---|---|---|---|
| 008 | 160426b xxu||||| |||| 00| 0 eng d | ||
| 082 |
_22011 _aUT 0282 _bT48 |
||
| 100 |
_96392 _aTimbad, Lady Mae A. |
||
| 245 |
_aEfficiency level of selling technique and consumer preference on native delicacy stores in Digos City/ _cLady Mae A. Timbad, Jonel P. Palencia and Dae T. Nahine. |
||
| 260 |
_aDigos City: _bUMDC _cMarch 2011. |
||
| 300 |
_a48 pages; _c28 cm. |
||
| 650 | 0 |
_96394 _aBusiness Administration _vMarketing Management _xUndergraduate thesis. |
|
| 700 |
_96396 _aPalencia, Jonel P. |
||
| 700 |
_96397 _aNahine, Dale T. |
||
| 942 |
_2ddc _cUT |
||
| 999 |
_c1989 _d1989 |
||